Statistics for The Australia Quiz

Click here to take the quiz!

General Stats

  • This quiz has been taken 54 times
  • The average score is 13 of 20

Answer Stats

QuestionAnswer% Correct
What Dollar note is the rarest?100
95%
______ Harbour Bridge?Sydney
95%
Capital city of South Australia?Adelaide
92%
What colour is the $20 Bill?red
89%
Famous Sydney beach?Bondi
84%
City in the middle of Australia?Alice Springs
81%
Our #1 trade partner?China
81%
Symbols on our flag?Southern Cross
78%
Our version of BBC?ABC
76%
City that was bombed in WW2?Darwin
76%
Our Burger King?Hungry Jacks
68%
Name of ships that founded the first colonies?First Fleet
62%
Year of federation?1901
59%
Our rednecksBogan
59%
The famous ANZAC WW1 battle in modern day Turkey?Gallipoli
59%
Which figure is on the $5 note?Queen Elizabeth
51%
Union Jack
43%
previous name of Tasmania?Van Diemens land
41%
Great mountain range on the east coast?Great Dividing Range
38%
2001 Holiday celebrated in Sydney Harbour?Federation Day
5%

Score Distribution

Percentile by Number Answered

Percent of People with Each Score

Your Score History

You have not taken this quiz